000 00586nam a2200217Ia 4500
003 OSt
005 20220928140634.0
006 a|||||r|||| 00| 0
007 ta
008 220927b |||||||| |||| 00| 0 eng d
024 _a10301
037 _cTextual
040 _aSDCL
_cSDCL
_beng
041 _2eng
_aeng
082 _aO-,3M19:g, L6
100 _aEmery Laura Comer
_9496466
245 0 _aGeorge Eliot's creative conflict
_b The other side of silence.
260 _c1976
942 _hO-,3M19:g, L6
_cTEXL
_2CC
999 _c812823
_d812823